01747nam a2200361 i 4500003000900000005001700009008004100026017001300067040004600080041000800126082002700134092000700161099004200168100007600210245018500286250003200471264006600503300003100569336002200600337002400622338003300646500005100679504010800730546009600838650005100934650004700985651001001032856005701042905001601099942001901115999001701134952023401151EG-GICUC20260121101442.0251208s2003 ua ||||fr|||| 00| 0 ara d a19971771 a EG-GICUCbarac EG-GICUCd EG-GICUCerda aara04221a341.83bا ب . ت04221 aLaw1 12 341.83 ا ب . ت 2 ed - 20030 aأبو العلا على أبو العلا النمر eمؤلف.10aتملك الأجانب للعقارات والمنقولات فى القانونين المصرى والمقارن /cأبو العلا على أبو العلا النمر . aالطبعة الثانية 1aالقاهرة :bدار النهضة العربية،c2003. a399 صفحة. ؛c24 سم. 2rda contentatext 2rda mediaaComputer 2rda carrieraOnline Resource aاهداء مكتبة ا.د. صلاح عامر aيحتوي على ارجاعات ببليوجرافية يحتوي على قائمة بالمراجع aالنص أغلبه باللغة العربية مع بعض النصوص الفرنسية14aالأجانب xقانون دولي2qrmak14aتملك الأجانب للعقارات1 2qrmak40uhttps://fll.law.cu.edu.eg/fulltext/bks/B12-01611.pdf a75eHassnaa 2ddcn0cBKe21 c49148d49148 00102ddc40718القانون الدولي الخاصaCUbLAW1d2025-12-08eاهداء مكتبة ا.د. صلاح عامرl0oLaw1 12 341.83 ا ب . ت 2 ed - 2003 1201611 C1pB12-01611r2025-12-08 12:50:52t1w2025-12-08yBK